| 000 | 00597nam a22001695i 4500 | ||
|---|---|---|---|
| 001 | 156536 | ||
| 003 | ES-MaACL | ||
| 005 | 20230906210432.0 | ||
| 008 | 040802s1859 fr |||| | fre d | ||
| 040 |
_aCAM _bspa _cCAM |
||
| 100 | 0 |
_aKalidasa. _967445 |
|
| 245 | 1 | 0 |
_aOeuvres complètes de Kalidasa / _ctraduites du sanscrit en français pour la première fois par Hippolyte Fauche. |
| 260 |
_aParis : _bLibrairie de A. Durand, _c1859 ( _eMeaux : _fImpriemerie A. Carro) |
||
| 300 |
_aIV, 482 p. ; _c23 cm. |
||
| 700 | 1 |
_aFauche, Hippolyte. _9127014 |
|
| 852 |
_aES-MaACL _jG-11905 _z-- Enc. hol. |
||
| 999 |
_c156536 _d156536 |
||